Hayley Williams - Mirtazapine Lyrics - Statistics

General Stats
  • This quiz has been taken 12 times
  • The average score is 159 of 202
Answer Stats
Answer % Correct
a
100%
eat
100%
make
100%
me
100%
Mirtazapine
100%
sleep
100%
you
100%
her
89%
I
89%
my
89%
about
78%
Ah
78%
Ah,
78%
ah,
78%
am
78%
bottle
78%
could
78%
dream
78%
For
78%
for
78%
had
78%
in
78%
let
78%
never
78%
screwcap
78%
song
78%
the
78%
to
78%
when
78%
Who
78%
without
78%
write
78%
come
67%
day
67%
genie
67%
grant
67%
it
67%
now?
67%
solace
67%
temporary
67%
then
67%
and
56%
at
56%
be
56%
crying
56%
happy
56%
heart's
56%
Here
56%
same
56%
sinking
56%
stone
56%
that
56%
your
56%
you're
56%
all
44%
bones
44%
it's
44%
losing
44%
out
44%
remembering
44%
up
44%
wake
44%
appetite
33%
fault
33%
feels
33%
like
33%
sky
33%
that's
33%
turned
33%
way
33%
fusing
22%
smashing,
22%
things'll
22%
No matching quizzes found
Score Distribution
Percent of People with Each Score
Percentile by Number Answered
Your Score History
You have not taken this quiz